000 01015nam a2200301 c 4500
999 _c104530
_d104530
003 BLK
005 20220228112356.0
008 180409b bul|||||r ||||||| ||bul||
010 _aKNG00109636000
020 _a954-8701-13-Х
040 _aBLK
041 _aBUL
_cBUL
072 7 _2bullib
_aЯ
_xАвтографи
080 _aБългарска литература
_b821.163.2
_x-1
_z821.163.2-1
100 1 _aХинков, Петър Балчев
_eпърви автор
_9248819
139 _aХинков, Петър Балчев
_bХ 51
245 1 0 _aНасаме със себе си
_bЛирика
_cПетър Балчев Хинков.
257 _aBGR
260 _bДенница
_c2003
_fРусе : Авангард принт
300 _a48 с.
_c20 см
380 _aX
659 _aЯ
852 _aЦб 217136
852 _aК 821.163.2/Х 51 П
856 4 _qpdf
856 4 _qpdf
942 _cKNG
_n0
_s1
944 _aCR
_c12.12.2003
_kРенета_Константинова
944 _aED
_c08.05.2012
999 _d104530